| 000 | 02706nam0a2200421 4500 | ||
|---|---|---|---|
| 001 | RU\NLR\BIBL_A\022603626 | ||
| 005 | 20260420052232.0 | ||
| 010 |
_a978-5-91115-113-3 _9100 |
||
| 021 |
_aRU _bКН-П-25-036178 _9КН-П-25-3555 |
||
| 035 | _a(NLR Aleph) 022603626 | ||
| 090 |
_a13682056 _c13682056 |
||
| 100 | _a20250819d2023 k y0rusy50 ca | ||
| 101 | 0 | _arus | |
| 102 | _aRU | ||
| 105 | _aag z 100yy | ||
| 181 | 0 |
_ai3 _baxxe |
|
| 182 | 0 | _an | |
| 200 | 1 |
_aII Всероссийская научно-практическая конференция "Актуальные вопросы исполнительского мастерства и педагогики в классе струнно-щипковых музыкальных инструментов", 11 апреля - 30 мая 2023 года _eсборник докладов _fДепартамент по культуре Томской области, Областное государственное образовательное автономное учреждение дополнительного профессионального образования "Томский областной инновационный учебно-методический центр культуры и искусства" |
|
| 203 |
_aТекст _bвизуальный _cнепосредственный |
||
| 210 |
_aТомск _cТОИУМЦКИ _d2023 |
||
| 215 |
_a59 с. _cцв. ил., ноты _d29 |
||
| 225 | 1 | _aГод педагога и наставника, 2023 | |
| 320 | _aБиблиогр. в конце ст. | ||
| 606 | 1 |
_aДомра _jСъезды, совещания и т.п _xТехника игры _92477760 _3RU\NLR\AUTH\661471103 |
|
| 606 | 1 |
_aБалалайка _jСъезды, совещания и т.п _xТехника игры _91092353 _3RU\NLR\AUTH\66109588 |
|
| 606 | 1 |
_aГитара _jСъезды, совещания и т.п _xТехника игры _92274877 _3RU\NLR\AUTH\661363324 |
|
| 686 | 1 | _aЩ310.715.68-713я431 | |
| 686 | 1 | _aЩ310.715.67-713я431 | |
| 686 | 1 | _aЩ310.715.64-713я431 | |
| 686 | 1 | _aЧ426.67-9я431 | |
| 686 | 1 | _aЧ489.782.6я431 | |
| 686 | 1 | _aЧ479.782.6я431 | |
| 710 | 1 | 2 |
_a"Актуальные вопросы исполнительского мастерства и педагогики в классе струнно-щипковых музыкальных инструментов", всероссийская научно-практическая конференция _d2 _eТомск _f2023 _92674349 _3RU\NLR\AUTH\880630155 |
| 942 | _cBOOK | ||
| 980 | _aNB | ||